书目信息 |
| 题名: |
执政党党风简论
|
|
| 作者: | 张山 编写 | |
| 分册: | ||
| 出版信息: | 哈尔滨 黑龙江人民出版社 1984 |
|
| 页数: | 200页 | |
| 开本: | 19cm | |
| 丛书名: | ||
| 单 册: | ||
| 中图分类: | D261.3 | |
| 科图分类: | ||
| 主题词: | 党的作风-中国共产党--概论 | |
| 电子资源: | ||
| ISBN: | ||
| 000 | 00635nam0 2200229 45 | |
| 001 | 0184006488 | |
| 005 | 20060731165438.57 | |
| 010 | @dCNY0.55 | |
| 091 | @aCN@b3093.213 | |
| 100 | @a19960215d1984 em y0chiy0121 ea | |
| 101 | 0 | @achi |
| 102 | @aCN@b230000 | |
| 105 | @ay z 000yy | |
| 200 | 10 | @a执政党党风简论@Azhi zheng dang dang feng jian lun@f张山等编写 |
| 210 | @a哈尔滨@c黑龙江人民出版社@d1984 | |
| 215 | @a200页@d19cm | |
| 601 | 02 | @a中国共产党@x党的作风@x概论 |
| 606 | @a党的作风-中国共产党@x概论 | |
| 690 | @aD261.3@v3 | |
| 701 | 0 | @a张山@Azhang shan@4编写 |
| 801 | 0 | @aCN@bTSSF@c20060731 |
| 905 | @a10447@dD261.3@e102 | |
| 执政党党风简论/张山等编写.-哈尔滨:黑龙江人民出版社,1984 |
| 200页;19cm |
| ISBN :CNY0.55 |
| ● |
| 相关链接 |
|
|
|
|
正题名:执政党党风简论
索取号:D261.3/102
 
预约/预借
| 序号 | 登录号 | 条形码 | 馆藏地/架位号 | 状态 | 备注 |
| 1 | 0440507 | 204405072 | 密集书库/ [索取号:D261.3/102] | 在馆 | |
| 2 | 0441032 | 204410324 | 密集书库/ [索取号:D261.3/102] | 在馆 |